[Event "4NCL 2010-11"]
[Site "Hinkley Island ENG"]
[Date "2011.04.30"]
[Round "9.14"]
[White "Wall, Gavin"]
[Black "Bates, Richard A"]
[Result "1-0"]
[WhiteTitle "IM"]
[BlackTitle "IM"]
[WhiteElo "2325"]
[BlackElo "2370"]
[Plycount "83"]
[WhiteTeam "Guildford A&DC"]
[BlackTeam "Betsson.com"]
[WhiteFideId "2501244"]
[BlackFideId "403555"]
[EventDate "2010.11.06"]
[Source "TWIC 860"]

1. e4 c5 2. Nf3 d6 3. d4 cxd4 4. Qxd4 a6 5. Bg5 Nc6 6. Qd2 g6 7. Bc4 Bg7 8. Nc3
Nf6 9. Bh6 O-O 10. O-O-O Bg4 11. h3 Bxf3 12. gxf3 Rc8 13. Bb3 Qa5 14. Bxg7 Kxg7
15. f4 e5 16. f5 Nd4 17. Kb1 Rxc3 18. Qxc3 Qxc3 19. bxc3 Nb5 20. Kb2 Nxe4 21.
Rhe1 gxf5 22. a4 Nc7 23. f3 Ng5 24. Rg1 Kf6 25. Rxd6+ Nce6 26. Bd5 Nxh3 27. Rh1
Ng5 28. Rb6 a5 29. Rxb7 e4 30. fxe4 fxe4 31. Rb5 Nc7 32. Rxa5 Kg6 33. Bc4 f5 34.
Rc5 Rb8+ 35. Ka3 Ne8 36. a5 f4 37. a6 Nf6 38. Rg1 h6 39. Be6 f3 40. Bf5+ Kf7 41.
Rc7+ Kf8 42. a7 1-0

[Event "FSFMB May"]
[Site "Budapest HUN"]
[Date "2011.05.07"]
[Round "1.3"]
[White "Breen, Anthony"]
[Black "Lakat, Gyula"]
[Result "0-1"]
[WhiteElo "1646"]
[BlackElo "1899"]
[Plycount "54"]
[WhiteFideId "2503174"]
[BlackFideId "705918"]
[EventDate "2011.05.07"]
[Source "TWIC 861"]

1. e4 c5 2. Nc3 g6 3. g3 Bg7 4. Bg2 Nc6 5. d3 d6 6. Be3 a6 7. f4 h5 8. Nf3 Nf6
9. h3 Qc7 10. a4 Rb8 11. O-O b5 12. axb5 axb5 13. e5 dxe5 14. fxe5 Nxe5 15. Nxe5
Qxe5 16. Bf4 Qd4+ 17. Kh1 e5 18. Re1 Ng4 19. Bc6+ Kf8 20. hxg4 Bxg4 21. Be3 Qd6
22. Bf3 f5 23. Ra5 h4 24. Bxg4 hxg3+ 25. Kg1 Bh6 26. Bxh6+ Rxh6 27. Bf3 Qd4+ 0-1

[Event "FSFMB May"]
[Site "Budapest HUN"]
[Date "2011.05.08"]
[Round "2.2"]
[White "Rusek, Walter"]
[Black "Breen, Anthony"]
[Result "1-0"]
[WhiteElo "1828"]
[BlackElo "1646"]
[Plycount "79"]
[WhiteFideId "1612700"]
[BlackFideId "2503174"]
[EventDate "2011.05.07"]
[Source "TWIC 861"]

1. d4 Nf6 2. c4 e6 3. Nc3 d5 4. Nf3 Nbd7 5. Bg5 c6 6. e3 Qa5 7. Bxf6 Nxf6 8. Nd2
Bd6 9. Rc1 O-O 10. Nb3 Qd8 11. Bd3 dxc4 12. Bxc4 Nd5 13. O-O Qh4 14. g3 Qh3 15.
Ne4 Be7 16. Bd3 f5 17. Ned2 Rf6 18. Qf3 h5 19. Qg2 Qg4 20. Nf3 Rh6 21. h4 Bd6
22. Ng5 Nxe3 23. fxe3 Bxg3 24. Nf3 Bxh4 25. Qxg4 hxg4 26. Nxh4 Rxh4 27. Bc4 b5
28. Bd3 Rh3 29. Rce1 a5 30. Rf2 Ra7 31. Rc2 g6 32. Bxb5 Rah7 33. Bxc6 Ba6 34.
Nc5 Bc8 35. Nd3 Ba6 36. Nf4 R3h6 37. Nxe6 Bd3 38. Rc3 Ba6 39. Ng5 Re7 40. d5 1-0

[Event "FSFMB May"]
[Site "Budapest HUN"]
[Date "2011.05.09"]
[Round "3.2"]
[White "Breen, Anthony"]
[Black "Hegedus, Peter Dr"]
[Result "1-0"]
[WhiteElo "1646"]
[BlackElo "1776"]
[Plycount "106"]
[WhiteFideId "2503174"]
[BlackFideId "713945"]
[EventDate "2011.05.07"]
[Source "TWIC 862"]

1. d4 f5 2. Nc3 Nf6 3. Bg5 e6 4. e4 fxe4 5. Nxe4 Be7 6. Bxf6 Bxf6 7. Qh5+ g6 8.
Qh6 Qe7 9. O-O-O Bg7 10. Qe3 d6 11. h4 Nd7 12. h5 Nf6 13. h6 Bf8 14. Be2 Bd7 15.
f3 Nd5 16. Qd2 O-O-O 17. Nh3 Bc6 18. Qg5 Qf7 19. Qd2 Be7 20. Bc4 Nb6 21. Bb3 Bd5
22. Rde1 Bxb3 23. axb3 Rhe8 24. Neg5 Bxg5 25. Nxg5 Qg8 26. Rh4 Rd7 27. Rhe4 Rde7
28. Qf4 Nd5 29. Qg3 Kd7 30. Qh3 Nf6 31. R4e2 d5 32. Re5 c6 33. Qh4 Nh5 34. Qf2
Qf8 35. Nxh7 Qxh6+ 36. Ng5 Qf8 37. Qd2 Qf4 38. R1e3 Ng3 39. Qb4 Kc7 40. Qa5+ Kb8
41. Kb1 Nf5 42. Nxe6 Qxe3 43. Rxe3 Nxe3 44. Nf4 g5 45. Ng6 Rg7 46. Ne5 Nxg2 47.
Qb4 Kc8 48. Qa4 Kb8 49. Qb4 Rc7 50. Qd6 Nf4 51. Nf7 Ne6 52. c3 Kc8 53. Ne5 Rf8 1-0

[Event "FSFMB May"]
[Site "Budapest HUN"]
[Date "2011.05.10"]
[Round "4.3"]
[White "Szatmari, David"]
[Black "Breen, Anthony"]
[Result "1-0"]
[WhiteElo "1991"]
[BlackElo "1646"]
[Plycount "53"]
[WhiteFideId "714054"]
[BlackFideId "2503174"]
[EventDate "2011.05.07"]
[Source "TWIC 862"]

1. d4 d5 2. c4 e6 3. Nc3 Nf6 4. Bg5 Nbd7 5. a3 c6 6. e3 Be7 7. Nf3 h6 8. Bh4 O-O
9. Rc1 Re8 10. Bd3 dxc4 11. Bxc4 Nd5 12. Bxe7 Qxe7 13. O-O Nxc3 14. Rxc3 e5 15.
e4 exd4 16. Nxd4 Ne5 17. Ba2 Bg4 18. f3 Bd7 19. f4 Ng6 20. f5 Ne5 21. f6 Qf8 22.
fxg7 Qd6 23. Nf3 Nxf3+ 24. Rcxf3 Qxd1 25. Rxd1 Re7 26. Rxf7 Rxf7 27. Rxd7 1-0

[Event "FSFMB May"]
[Site "Budapest HUN"]
[Date "2011.05.12"]
[Round "6.3"]
[White "Lakat, Gyula"]
[Black "Breen, Anthony"]
[Result "0-1"]
[WhiteElo "1899"]
[BlackElo "1646"]
[Plycount "76"]
[WhiteFideId "705918"]
[BlackFideId "2503174"]
[EventDate "2011.05.07"]
[Source "TWIC 862"]

1. f4 g6 2. Nf3 d5 3. e3 Bg7 4. d4 Nf6 5. c4 c6 6. Nc3 O-O 7. Qb3 e6 8. Bd2 Nbd7
9. a4 dxc4 10. Qxc4 Nb6 11. Qd3 Nbd5 12. Na2 Qc7 13. g3 Rd8 14. Rc1 b6 15. b4
Bb7 16. Ne5 Rac8 17. Nxc6 Nxf4 18. gxf4 Bxc6 19. b5 Bxh1 20. Rxc7 Rxc7 21. Nc3
Bb7 22. e4 Nxe4 23. Nxe4 Rxd4 24. Qxd4 Bxd4 25. Nd6 Bd5 26. Bd3 Bc3 27. Ne8
Bxd2+ 28. Kxd2 Rc5 29. Nf6+ Kg7 30. Nd7 Rc7 31. Ne5 h5 32. Be2 Bb3 33. Bd1 Bxd1
34. Kxd1 Rc3 35. Nc6 Ra3 36. a5 Rxa5 37. Nxa5 bxa5 38. h4 Kf6 0-1

[Event "FSFMB May"]
[Site "Budapest HUN"]
[Date "2011.05.13"]
[Round "7.2"]
[White "Breen, Anthony"]
[Black "Rusek, Walter"]
[Result "1/2-1/2"]
[WhiteElo "1646"]
[BlackElo "1828"]
[Plycount "57"]
[WhiteFideId "2503174"]
[BlackFideId "1612700"]
[EventDate "2011.05.07"]
[Source "TWIC 862"]

1. d4 d5 2. Nf3 Nf6 3. e3 Bf5 4. c4 c6 5. Nc3 e6 6. h3 h6 7. Bd3 Bxd3 8. Qxd3
Qb6 9. O-O Be7 10. Bd2 O-O 11. c5 Qc7 12. b4 a6 13. a4 Nbd7 14. b5 e5 15. Nh2 e4
16. Qe2 Nh7 17. f4 exf3 18. gxf3 Qg3+ 19. Qg2 Qxg2+ 20. Kxg2 f5 21. bxc6 bxc6
22. a5 Rab8 23. Rab1 Rxb1 24. Rxb1 Rb8 25. Rxb8+ Nxb8 26. Be1 Bd8 27. Na4 Bc7
28. Bg3 Bxg3 29. Kxg3 1/2-1/2

[Event "FSFMB May"]
[Site "Budapest HUN"]
[Date "2011.05.14"]
[Round "8.2"]
[White "Hegedus, Peter Dr"]
[Black "Breen, Anthony"]
[Result "0-1"]
[WhiteElo "1776"]
[BlackElo "1646"]
[Plycount "50"]
[WhiteFideId "713945"]
[BlackFideId "2503174"]
[EventDate "2011.05.07"]
[Source "TWIC 863"]

1. e4 c5 2. c3 Qa5 3. Nf3 Nf6 4. Bd3 Nc6 5. O-O d6 6. h3 e6 7. Qe2 Qc7 8. Bc2
Be7 9. d3 O-O 10. Nbd2 d5 11. Re1 d4 12. Nf1 Nh5 13. e5 g6 14. Bh6 Rd8 15. Qd2
b6 16. N1h2 f5 17. g4 Ng7 18. Bb3 Na5 19. Bd1 dxc3 20. Qxc3 Nc6 21. a3 Ba6 22.
Bc2 Nd4 23. Nxd4 Rxd4 24. Nf3 Rd7 25. Bb3 Rxd3 0-1

[Event "FSFMB May"]
[Site "Budapest HUN"]
[Date "2011.05.16"]
[Round "9.3"]
[White "Breen, Anthony"]
[Black "Szatmari, David"]
[Result "1-0"]
[WhiteElo "1646"]
[BlackElo "1991"]
[Plycount "71"]
[WhiteFideId "2503174"]
[BlackFideId "714054"]
[EventDate "2011.05.07"]
[Source "TWIC 863"]

1. e4 e5 2. Nf3 Nc6 3. Bc4 Bc5 4. c3 Nf6 5. d3 d6 6. Bb3 Bg4 7. Nbd2 O-O 8. Nf1
d5 9. h3 Bh5 10. Qe2 Qd7 11. Bg5 dxe4 12. dxe4 Bxf3 13. Qxf3 Ne8 14. Rd1 Nd6 15.
Ng3 Kh8 16. Bf6 Rg8 17. Nh5 Qe8 18. Rd5 Bb6 19. O-O h6 20. Bxg7+ Rxg7 21. Qf6
Qg8 22. Nxg7 Qxg7 23. Qf3 Rg8 24. Rfd1 Qg6 25. Rxd6 cxd6 26. Bxf7 Qg7 27. Bxg8
Kxg8 28. Rxd6 Bc7 29. Re6 Ne7 30. Qh5 Kh7 31. Qh4 Ng6 32. Qg4 Bb6 33. Qf5 Bd8
34. Kh2 Bg5 35. Kg3 Kg8 36. Rxg6 1-0

[Event "FSFMB May"]
[Site "Budapest HUN"]
[Date "2011.05.17"]
[Round "10.1"]
[White "Mayer, Istvan"]
[Black "Breen, Anthony"]
[Result "1-0"]
[WhiteTitle "FM"]
[WhiteElo "2033"]
[BlackElo "1646"]
[Plycount "67"]
[WhiteFideId "700908"]
[BlackFideId "2503174"]
[EventDate "2011.05.07"]
[Source "TWIC 863"]

1. e4 c5 2. Nf3 e6 3. d4 cxd4 4. Nxd4 a6 5. c3 Qc7 6. g3 Nf6 7. Bg2 d6 8. O-O
Be7 9. a4 Nc6 10. Na3 Bd7 11. Ndc2 O-O 12. Ne3 Rfd8 13. f4 Rab8 14. Qe2 Na5 15.
Qc2 b5 16. b4 Nc4 17. Naxc4 bxc4 18. g4 Qb6 19. h3 Bc6 20. g5 Nh5 21. Kh2 d5 22.
exd5 exd5 23. Nf5 Bd6 24. Qe2 g6 25. Be3 Re8 26. Bxb6 Rxe2 27. Nd4 Nxf4 28. Rxf4
Rf2 29. Nxc6 Bxf4+ 30. Kg1 Rxg2+ 31. Kxg2 Rxb6 32. Ne7+ Kf8 33. Nxd5 Rd6 34.
Nxf4 1-0

[Event "e2e4 Sunningdale Open"]
[Site "Ascot ENG"]
[Date "2011.05.27"]
[Round "1"]
[White "Redmond, John P."]
[Black "Baeza Escudero, Javier"]
[Result "1-0"]
[WhiteElo "2194"]
[BlackElo "2010"]
[Plycount "55"]
[WhiteFideId "2500051"]
[BlackFideId "2297906"]
[EventDate "2011.05.27"]
[Source "TWIC 864"]

1. c4 e6 2. g3 Nf6 3. Bg2 d5 4. Nf3 Be7 5. O-O O-O 6. d4 dxc4 7. Ne5 Nc6 8. Bxc6
bxc6 9. Nxc6 Qe8 10. Nxe7+ Qxe7 11. Qa4 c5 12. Qa3 Bb7 13. Qxc5 Qxc5 14. dxc5
Ne4 15. Be3 Rfc8 16. Rc1 Ba6 17. Nc3 Nxc5 18. Rd1 Bb7 19. Rd4 Na6 20. Rd7 Bc6
21. Rxa7 Nb4 22. Rd1 h6 23. Rd6 Rxa7 24. Bxa7 Ra8 25. Bc5 Nxa2 26. Rxc6 Nc1 27.
Be3 Ra1 28. Kg2 1-0

[Event "e2e4 Sunningdale Open"]
[Site "Ascot ENG"]
[Date "2011.05.28"]
[Round "2"]
[White "Nelson, Omowale"]
[Black "Redmond, John P."]
[Result "1/2-1/2"]
[WhiteElo "2072"]
[BlackElo "2194"]
[Plycount "60"]
[WhiteFideId "7400209"]
[BlackFideId "2500051"]
[EventDate "2011.05.27"]
[Source "TWIC 864"]

1. d4 d5 2. Nf3 e6 3. c4 c6 4. g3 Bd6 5. Bg2 f5 6. O-O Nf6 7. b3 Qe7 8. Bb2 O-O
9. Ne5 Nfd7 10. e3 a5 11. Nd2 Nxe5 12. dxe5 Bc5 13. Qe2 Na6 14. Nf3 Bd7 15. Nd4
Rfc8 16. Rfc1 Qe8 17. Kh1 Bf8 18. Qd1 Rd8 19. Qf1 Rdc8 20. Ne2 a4 21. h4 Nc5 22.
Qd1 Qh5 23. Nd4 Qxd1+ 24. Rxd1 Ne4 25. Kg1 a3 26. Bc1 b5 27. Bxe4 fxe4 28. Bd2
Rab8 29. cxd5 cxd5 30. Rac1 g6 1/2-1/2

[Event "e2e4 Sunningdale Open"]
[Site "Ascot ENG"]
[Date "2011.05.28"]
[Round "3"]
[White "Redmond, John P."]
[Black "Lexton, Michael J"]
[Result "1-0"]
[WhiteElo "2194"]
[BlackElo "2051"]
[Plycount "73"]
[WhiteFideId "2500051"]
[BlackFideId "1801678"]
[EventDate "2011.05.27"]
[Source "TWIC 864"]

1. c4 e5 2. Nc3 Nc6 3. g3 g6 4. Bg2 Bg7 5. e4 d6 6. Nge2 Nge7 7. d3 O-O 8. O-O
Be6 9. Nd5 f5 10. Be3 Qd7 11. Qd2 Rf7 12. f3 Raf8 13. Rae1 Nc8 14. exf5 Bxf5 15.
d4 Bh3 16. b3 Bxg2 17. Kxg2 N8e7 18. Nxe7+ Nxe7 19. d5 Nf5 20. Nc3 b6 21. Ne4 h6
22. Bg1 a5 23. a3 Kh7 24. Qd3 Bf6 25. Bf2 Kg7 26. Rh1 h5 27. h4 Bd8 28. Ref1 Be7
29. Be3 Nxe3+ 30. Qxe3 b5 31. Qc3 c6 32. Rf2 bxc4 33. Qxc4 cxd5 34. Qxd5 Qa7 35.
Rc1 a4 36. b4 Qd7 37. Nc5 1-0

[Event "Karlovy Vary Open"]
[Site "Karlovy Vary CZE"]
[Date "2011.04.28"]
[Round "1.10"]
[White "Zmeskal, Stanislav"]
[Black "Quinn, Rory"]
[Result "0-1"]
[WhiteElo "1784"]
[BlackElo "2093"]
[Plycount "42"]
[WhiteFideId "351717"]
[BlackFideId "2501643"]
[EventDate "2011.04.28"]
[EventType "swiss"]
[Source "TWIC 865"]

1. e4 e5 2. f4 exf4 3. Nf3 h6 4. d4 g5 5. Bc4 d6 6. O-O Bg7 7. Nc3 Nc6 8. Ne2
Nge7 9. c3 f5 10. exf5 Bxf5 11. Qb3 Na5 12. Qb5+ c6 13. Qb4 Qb6 14. Qa4 Nxc4 15.
Qxc4 Nd5 16. Re1 O-O 17. g3 Bg4 18. Qd3 fxg3 19. Nxg5 gxh2+ 20. Kxh2 hxg5 21.
Bxg5 Rf5 0-1

[Event "Karlovy Vary Open"]
[Site "Karlovy Vary CZE"]
[Date "2011.04.29"]
[Round "2.9"]
[White "Quinn, Rory"]
[Black "Benes, Jan"]
[Result "1-0"]
[WhiteElo "2093"]
[BlackElo "1890"]
[Plycount "83"]
[WhiteFideId "2501643"]
[BlackFideId "320978"]
[EventDate "2011.04.28"]
[EventType "swiss"]
[Source "TWIC 865"]

1. e4 e5 2. Nc3 Nf6 3. f4 d6 4. Nf3 Bg4 5. Bc4 Bxf3 6. Qxf3 Nc6 7. d3 Nd4 8. Qd1
c6 9. O-O h5 10. Ne2 Nxe2+ 11. Qxe2 b5 12. Bb3 a5 13. a4 b4 14. fxe5 dxe5 15.
Bg5 Ra7 16. Qf2 c5 17. Bxf6 gxf6 18. Qxf6 Qxf6 19. Rxf6 Rh6 20. Raf1 c4 21. Bxc4
Bc5+ 22. Kh1 Rxf6 23. Rxf6 Bd4 24. Rh6 Bxb2 25. Rxh5 Kf8 26. h4 f6 27. Rh8+ Kg7
28. Rc8 Bd4 29. g3 Bc3 30. Kg2 Bd2 31. Kf3 Kh6 32. Be6 Rb7 33. Ra8 Kg7 34. Bb3
Kg6 35. Rxa5 Rg7 36. Ra8 Kh7 37. Be6 Rc7 38. Bb3 Bc1 39. a5 Rg7 40. a6 Bb2 41.
a7 Bd4 42. Rh8+ 1-0

[Event "Karlovy Vary Open"]
[Site "Karlovy Vary CZE"]
[Date "2011.04.30"]
[Round "4.7"]
[White "Quinn, Rory"]
[Black "Kozak, Karel"]
[Result "1-0"]
[WhiteElo "2093"]
[BlackElo "1900"]
[Plycount "71"]
[WhiteFideId "2501643"]
[BlackFideId "321826"]
[EventDate "2011.04.28"]
[EventType "swiss"]
[Source "TWIC 865"]

1. e4 c5 2. Nf3 Nc6 3. d4 cxd4 4. Nxd4 Nf6 5. Nc3 e5 6. Ndb5 d6 7. Bg5 a6 8. Na3
b5 9. Bxf6 gxf6 10. Nd5 Be6 11. Bd3 Rc8 12. O-O f5 13. c4 fxe4 14. Bxe4 b4 15.
Nc2 a5 16. Qh5 h6 17. f4 exf4 18. Nxf4 Qg5 19. Qe2 Qc5+ 20. Kh1 Ne5 21. Nxe6
fxe6 22. b3 Rc7 23. Rad1 Rg8 24. Nd4 Re7 25. Qh5+ Kd7 26. Nxe6 Rxe6 27. Bf5 Rg5
28. Bxe6+ Kxe6 29. Qh3+ Ke7 30. Rd5 Qc7 31. Qe3 Bg7 32. c5 dxc5 33. Rxc5 Qb7 34.
Rf2 Qa8 35. Rc7+ Ke6 36. Qb6+ 1-0

[Event "Karlovy Vary Open"]
[Site "Karlovy Vary CZE"]
[Date "2011.05.01"]
[Round "5.6"]
[White "Musil, Vitezslav"]
[Black "Quinn, Rory"]
[Result "0-1"]
[WhiteElo "2040"]
[BlackElo "2093"]
[Plycount "64"]
[WhiteFideId "308803"]
[BlackFideId "2501643"]
[EventDate "2011.04.28"]
[EventType "swiss"]
[Source "TWIC 865"]

1. e4 e5 2. Nf3 Nc6 3. Bb5 f5 4. Nc3 fxe4 5. Nxe4 Nf6 6. Qe2 d5 7. Nxf6+ gxf6 8.
d4 Bg7 9. dxe5 O-O 10. e6 Re8 11. O-O Rxe6 12. Qd1 Ne5 13. Nd4 Rb6 14. a4 c5 15.
a5 Rd6 16. Ne2 a6 17. Ba4 Qxa5 18. Bd2 Qd8 19. Nf4 Bf5 20. c3 d4 21. Qh5 Bg6 22.
Nxg6 hxg6 23. Qh3 b5 24. cxd4 Rxd4 25. Bb3+ c4 26. Ba5 Qd6 27. Bd1 b4 28. Qe3 f5
29. f4 Nd3 30. Bf3 Rb8 31. Bc7 Qxc7 32. Rxa6 Rd6 0-1

[Event "Karlovy Vary Open"]
[Site "Karlovy Vary CZE"]
[Date "2011.05.02"]
[Round "6.3"]
[White "Quinn, Rory"]
[Black "Wimmer, Miroslav"]
[Result "0-1"]
[WhiteElo "2093"]
[BlackElo "2088"]
[Plycount "102"]
[WhiteFideId "2501643"]
[BlackFideId "320854"]
[EventDate "2011.04.28"]
[EventType "swiss"]
[Source "TWIC 865"]

1. e4 e6 2. d4 d5 3. Nc3 Nf6 4. Bg5 Bb4 5. e5 h6 6. Be3 Ne4 7. Qg4 Bxc3+ 8. bxc3
g6 9. Bd3 h5 10. Qf3 Nxc3 11. Nh3 c5 12. O-O Nd7 13. Bg5 Qa5 14. Nf4 Rg8 15. Qh3
cxd4 16. Nxg6 Ne4 17. Qxh5 Rxg6 18. Qh8+ Nf8 19. Bh6 Rxh6 20. Qxh6 Qd2 21. Qxd2
Nxd2 22. Rfd1 Ne4 23. Bxe4 dxe4 24. Rxd4 e3 25. f4 Bd7 26. Re1 Rc8 27. c4 b5 28.
cxb5 Bxb5 29. a4 Ba6 30. Rd6 Bb7 31. Rxe3 Rc2 32. g3 Rg2+ 33. Kf1 Rxh2 34. Rb3
Bd5 35. Rb8+ Ke7 36. Rc8 Ng6 37. Rc7+ Kf8 38. Rd8+ Kg7 39. Rdd7 Nh8 40. Rxa7 Kg6
41. Rd8 Kf5 42. Rc7 Ke4 43. Rc3 Ng6 44. Ra3 Ne7 45. Rb8 Nc6 46. Rb6 Rc2 47. a5
Nd4 48. Rb4 Bc4+ 49. Ke1 Bd3 50. Raa4 Ke3 51. Rxd4 Rc1# 0-1

[Event "Karlovy Vary Open"]
[Site "Karlovy Vary CZE"]
[Date "2011.05.02"]
[Round "7.7"]
[White "Quinn, Rory"]
[Black "Amato, Giampiero"]
[Result "0-1"]
[WhiteElo "2093"]
[BlackElo "1987"]
[Plycount "182"]
[WhiteFideId "2501643"]
[BlackFideId "813303"]
[EventDate "2011.04.28"]
[EventType "swiss"]
[Source "TWIC 865"]

1. e4 e5 2. Nc3 Nf6 3. f4 d5 4. fxe5 Nxe4 5. Nf3 Be7 6. Qe2 Ng5 7. d4 Nxf3+ 8.
Qxf3 Be6 9. Be3 O-O 10. O-O-O f6 11. Bd3 fxe5 12. Qh5 e4 13. Nxe4 g6 14. Qe5 Bf5
15. Bh6 Rf7 16. Nc3 Bxd3 17. Rxd3 c6 18. Rf3 Qd6 19. Qxd6 Bxd6 20. Rxf7 Kxf7 21.
Rf1+ Ke6 22. Re1+ Kf7 23. Rf1+ Ke6 24. Bf8 Bxh2 25. Re1+ Kf7 26. Rf1+ Kg8 27.
Ba3 Nd7 28. Re1 Bf4+ 29. Kd1 Bg5 30. Be7 Bh6 31. Ne2 Re8 32. Ng1 Bf8 33. Bh4
Rxe1+ 34. Kxe1 Bg7 35. Nf3 h6 36. Bg3 Kf7 37. Ke2 Ke6 38. Kd3 a6 39. b3 Nf6 40.
Be5 Nh5 41. g4 Nf6 42. g5 hxg5 43. Nxg5+ Ke7 44. a4 Bh6 45. Nf3 Ne4 46. Nh4 Kf7
47. c4 Bg7 48. Nf3 Bxe5 49. Nxe5+ Kf6 50. b4 g5 51. b5 cxb5 52. cxb5 axb5 53.
axb5 Nd6 54. b6 Ke6 55. Ke2 Nc4 56. Nc6 Kd7 57. Nb4 Nxb6 58. Kf3 Ke6 59. Nd3 Kf5
60. Nc5 g4+ 61. Kg3 Nc4 62. Nxb7 Nd2 63. Nd6+ Kg5 64. Nf7+ Kh5 65. Ne5 Ne4+ 66.
Kg2 Kg5 67. Nd3 Kf5 68. Nb4 Nc3 69. Kg3 Kg5 70. Nc6 Ne2+ 71. Kf2 Nf4 72. Kg3
Nh5+ 73. Kg2 Kf4 74. Ne5 Nf6 75. Kf2 Ke4 76. Nc6 Kd3 77. Kg3 Ke4 78. Kf2 Nh5 79.
Kg2 g3 80. Kh3 Ke3 81. Kg2 Kf4 82. Ne7 Ke4 83. Nc6 Ke3 84. Kf1 Nf4 85. Kg1 Ne2+
86. Kg2 Kd3 87. Kh3 Ke3 88. Kg2 Ke4 89. Kh3 Nxd4 90. Nb4 Nf5 91. Kg2 d4 0-1

[Event "e2e4 Sunningdale Open"]
[Site "Ascot ENG"]
[Date "2011.05.29"]
[Round "4"]
[White "Tozer, Richard J D"]
[Black "Redmond, John P."]
[Result "1/2-1/2"]
[WhiteTitle "IM"]
[WhiteElo "2297"]
[BlackElo "2194"]
[Plycount "132"]
[WhiteFideId "401340"]
[BlackFideId "2500051"]
[EventDate "2011.05.27"]
[Source "TWIC 865"]

1. d4 d5 2. c4 e6 3. Nf3 c6 4. e3 Bd6 5. b3 f5 6. Bd3 Nf6 7. O-O Qe7 8. Bb2 O-O
9. Qc1 b6 10. Ba3 Bb7 11. Bxd6 Qxd6 12. cxd5 cxd5 13. Nc3 Rc8 14. Qb2 Nbd7 15.
Rac1 a6 16. Ne2 Rxc1 17. Rxc1 Rc8 18. Rxc8+ Bxc8 19. Nf4 Nf8 20. h3 Bb7 21. Qc2
N6d7 22. Qc3 Nb8 23. b4 Qc6 24. Qxc6 Bxc6 25. Ne5 Be8 26. h4 g6 27. Kf1 Kg7 28.
Ke2 h6 29. Kd2 g5 30. hxg5 hxg5 31. Ne2 Nfd7 32. Kc3 Kf6 33. f4 gxf4 34. exf4
Ke7 35. Ng1 Nf6 36. Ne2 Kd6 37. Kb3 Bh5 38. Nc3 Be8 39. Kc2 Nh5 40. Ne2 Ba4+ 41.
Kd2 Be8 42. Ke3 Ke7 43. Nc3 Nf6 44. Nd1 Bh5 45. Nf2 Be8 46. Kf3 Kd6 47. Ke3 Bh5
48. Bf1 Ke7 49. Bd3 Kd6 50. Bc2 Be8 51. Kf3 Bh5+ 52. Kg3 Nc6 53. Nxc6 Kxc6 54.
Bd3 a5 55. bxa5 bxa5 56. Kh4 Be8 57. Kg5 Ne4+ 58. Nxe4 dxe4 59. Bc4 Kd6 60. g4
Bd7 61. gxf5 exf5 62. Kf6 e3 63. a3 Be6 64. Ba6 Bc8 65. Bc4 Be6 66. Ba6 Bc8 1/2-1/2

[Event "e2e4 Sunningdale Open"]
[Site "Ascot ENG"]
[Date "2011.05.29"]
[Round "5"]
[White "Arkell, Keith C"]
[Black "Redmond, John P."]
[Result "1-0"]
[WhiteTitle "GM"]
[WhiteElo "2419"]
[BlackElo "2194"]
[Plycount "59"]
[WhiteFideId "400270"]
[BlackFideId "2500051"]
[EventDate "2011.05.27"]
[Source "TWIC 865"]

1. d4 d6 2. g3 f5 3. Bg2 Nf6 4. Nf3 g6 5. b4 Bg7 6. Bb2 e5 7. dxe5 Nfd7 8. Nbd2
dxe5 9. e4 Qe7 10. O-O O-O 11. exf5 gxf5 12. Re1 e4 13. Bxg7 Qxg7 14. Nh4 Nc6
15. a3 Nde5 16. Nb3 Be6 17. Nc5 Rad8 18. Nxe6 Rxd1 19. Nxg7 Rxa1 20. Rxa1 Kxg7
21. Rd1 Kf6 22. Bh3 Ng4 23. Rd7 Rd8 24. Rxh7 Rd1+ 25. Kg2 Nce5 26. Rh5 e3 27.
Rxf5+ Ke6 28. Rxe5+ Kxe5 29. Bxg4 Rd2 30. Nf3+ 1-0

[Event "e2e4 Sunningdale Open"]
[Site "Ascot ENG"]
[Date "2011.05.30"]
[Round "6"]
[White "Redmond, John P."]
[Black "Amato, Giampiero"]
[Result "1-0"]
[WhiteElo "2194"]
[BlackElo "1970"]
[Plycount "111"]
[WhiteFideId "2500051"]
[BlackFideId "813303"]
[EventDate "2011.05.27"]
[Source "TWIC 865"]

1. c4 c5 2. g3 Nc6 3. Bg2 g6 4. Nc3 Bg7 5. Nf3 e6 6. d3 Nge7 7. Bg5 h6 8. Bd2
O-O 9. Rb1 d5 10. a3 dxc4 11. dxc4 b6 12. b4 cxb4 13. axb4 Bb7 14. O-O Nf5 15.
Qc1 Kh7 16. b5 Na5 17. Na4 Be4 18. Ng5+ hxg5 19. Bxe4 Nd4 20. Qd1 Nxc4 21. Bb4
Rh8 22. Bxa8 Qxa8 23. Nc3 Rd8 24. Qc1 Nd2 25. Rd1 Nxb1 26. Qxb1 g4 27. Rd3 Bf6
28. Qd1 Kg7 29. f3 gxf3 30. exf3 Nf5 31. Ne4 Rxd3 32. Qxd3 Qd5 33. Qxd5 exd5 34.
Nd6 Nd4 35. Ne8+ Kh6 36. Nxf6 Nxb5 37. h4 Kg7 38. Nxd5 f5 39. Kf2 Kf7 40. Ke3
Ke6 41. Nf4+ Kf6 42. Kd3 Nc7 43. Bc3+ Kf7 44. Kc4 Na6 45. Bd4 Nc7 46. Be5 Ne8
47. Kb5 Nf6 48. Bxf6 Kxf6 49. Ka6 g5 50. Nd5+ Kg6 51. hxg5 Kxg5 52. Kxa7 b5 53.
Kb6 b4 54. Nxb4 f4 55. g4 Kh4 56. Nc2 1-0

[Event "Teplice Open"]
[Site "Teplice CZE"]
[Date "2011.06.12"]
[Round "2"]
[White "Klement, Lukas"]
[Black "Collins, Sam"]
[Result "0-1"]
[BlackTitle "IM"]
[WhiteElo "2238"]
[BlackElo "2448"]
[Plycount "66"]
[WhiteFideId "305049"]
[BlackFideId "2501198"]
[EventDate "2011.06.11"]
[Source "TWIC 866"]

1. d4 d5 2. c4 e6 3. Nf3 c5 4. cxd5 exd5 5. Nc3 Nc6 6. Bg5 Be7 7. Bxe7 Ngxe7 8.
e3 cxd4 9. Nxd4 O-O 10. Be2 Be6 11. O-O Qb6 12. Na4 Qa5 13. a3 Nxd4 14. exd4
Rad8 15. b4 Qc7 16. Qd2 Nf5 17. Nc5 Bc8 18. Rac1 Qe7 19. Bg4 Nd6 20. Rfe1 Qh4
21. Bf3 Nb5 22. Nb3 Nxa3 23. Qd3 Nc4 24. Bxd5 Rxd5 25. Rxc4 Be6 26. Rc5 g6 27.
Rxd5 Bxd5 28. Nc5 Rd8 29. Re5 Kg7 30. f3 b6 31. g3 Qh6 32. Ne4 Qc1+ 33. Kg2 Bc4 0-1